000 00240nam a2200097Ia 4500
008 190216s9999||||xx |||||||||||||| ||und||
100 _aUnnikrishnan Thiruvazhiyod
245 0 _aNagakshathangal
260 _bPoorna Pubs Kozhikode
942 _cBK
999 _c26004
_d26004